Interés superior del niño: principio general del Derecho. Estudio Jurisprudencial
Tallennettuna:
| Päätekijät: | , |
|---|---|
| Aineistotyyppi: | Kirja |
| Kieli: | espanja |
| Julkaistu: |
s.l
Hammurabi
2018
|
| Painos: | 1a. ed |
| Sarja: | Estudios de Derecho Familiar
|
| Aiheet: | |
| Tagit: |
Lisää tagi
Ei tageja, Lisää ensimmäinen tagi!
|
MARC
| LEADER | 00000cam a2200000 a 4500 | ||
|---|---|---|---|
| 001 | UCC6832 | ||
| 003 | CL-VaPUC | ||
| 008 | 190111e20180000cl |||||||||||||||||spa|d | ||
| 020 | |a 9789569952005 | ||
| 082 | 0 | 4 | |a 346.83017 |b ESC |2 21 |
| 100 | 0 | |a Escobar Gallardo, Paulina Ximena |e author |9 601353 | |
| 700 | 0 | |a Hernández Cádiz, María Victoria |e author |9 601354 | |
| 245 | 1 | 0 | |a Interés superior del niño: principio general del Derecho. Estudio Jurisprudencial |
| 250 | |a 1a. ed | ||
| 300 | |a 343 p | ||
| 942 | |c BK | ||
| 945 | |d 20190111 14:04:00 |a dcastane | ||
| 260 | |a s.l |b Hammurabi |c 2018 | ||
| 650 | 0 | |a Adopción de menores |9 402960 | |
| 650 | 0 | |a Derecho y legislación |9 255077 | |
| 650 | 0 | |a Derechos del niño |9 258728 | |
| 583 | |a last modification |c 20190111 14:04:00 |k Rodrigo Vera | ||
| 490 | 0 | |a Estudios de Derecho Familiar | |
| 999 | |c 373682 |d 373680 | ||
| 952 | |0 0 |1 0 |3 erb |4 0 |6 346_830170000000000_ESC_2018 |7 0 |8 A |9 491891 |a BIBDER |b BIBDER |i 552881K |l 13 |m 4 |o 346.83017 ESC 2018 |p 552881K |r 2024-11-25 |s 2024-11-11 |w 2019-11-24 |y BK |z Catalogado en:20190111 |k DER | ||